High rise, low energy (Record no. 70023)

MARC details
000 -LEADER
fixed length control field 01333cam a2200253 4500
001 - CONTROL NUMBER
control field ABS65310
008 - FIXED-LENGTH DATA ELEMENTS--GENERAL INFORMATION
fixed length control field 020419n2002 000 0 eng u
035 ## - SYSTEM CONTROL NUMBER
System control number (Sirsi) u117597
100 ## - MAIN ENTRY--PERSONAL NAME
Personal name Logan, S
245 ## - TITLE STATEMENT
Title High rise, low energy
260 ## - PUBLICATION, DISTRIBUTION, ETC.
Date of publication, distribution, etc. 2002
490 ## - SERIES STATEMENT
Series statement Building Services Journal
Volume/sequential designation March 2002, 40-45(5)
520 ## - SUMMARY, ETC.
Summary, etc. Discusses how services engineers can influence the energy impact of high rise buildings, and argues that tenants should also be educated in how to maintain low energy buildings. Considers the role of developers and the project elements they can influence. Looks at the purpose of air conditioning, discussing five main systems based on a 30-storey office: fan coil units, VAV (variable air volume), displacement ventilation with chilled ceilings, mixed-mode ventilation, and natural ventilation. Concludes with a brief look at energy saving lighting design. Graphs. Figure.
590 ## - LOCAL NOTE (RLIN)
Local note ABS
650 ## - SUBJECT ADDED ENTRY--TOPICAL TERM
Topical term or geographic name entry element HIGH RISE BUILDINGS
650 ## - SUBJECT ADDED ENTRY--TOPICAL TERM
Topical term or geographic name entry element TALL BUILDINGS
650 ## - SUBJECT ADDED ENTRY--TOPICAL TERM
Topical term or geographic name entry element ENERGY USE
650 ## - SUBJECT ADDED ENTRY--TOPICAL TERM
Topical term or geographic name entry element LOW ENERGY BUILDINGS
650 ## - SUBJECT ADDED ENTRY--TOPICAL TERM
Topical term or geographic name entry element BUILT ENVIRONMENT-BUILDING ELEMENTS-COMPLETE BUILDING SERVICES ELEMENTS-COMPLETE HEATING, VENTILATION AND AIR CONDITIONING SYSTEMS
650 ## - SUBJECT ADDED ENTRY--TOPICAL TERM
Topical term or geographic name entry element VENTILATION
650 ## - SUBJECT ADDED ENTRY--TOPICAL TERM
Topical term or geographic name entry element LIGHTING
690 ## - LOCAL SUBJECT ADDED ENTRY--TOPICAL TERM (OCLC, RLIN)
Topical term or geographic name as entry element BUILDING AND CONSTRUCTION-ENERGY MANAGEMENT
942 ## - ADDED ENTRY ELEMENTS (KOHA)
Suppress in OPAC 0
Holdings
Withdrawn status Lost status Source of classification or shelving scheme Damaged status Not for loan Home library Current library Shelving location Date acquired Total Checkouts Full call number Barcode Date last seen Copy number Price effective from Koha item type
    Dewey Decimal Classification     London London Journal article 19/04/2002   ABS65310 117597-1001 06/08/2019 1 06/08/2019 Journal article